Представление документа в формате RUSMARC

ПолеНазваниеЗначение
  Тип записи a
  Библиографический уровень m
001 Контрольный номер UONB/MAIN/efd4966ac3264b0fab60ada750e776fe
005 Дата корректировки 20240614111150.5
010 Индекс ISBN __
d Цена 10 к.
9 Тираж 1000 экз.
100 Данные общей обработки __
a Данные общей обработки 20240614d1979 u y0rusy0189 ca
101 Язык документа 0_
a Язык текста rus
102 Страна публикации __
a Страна публикации RU
105 Кодированные данные (монография) __
a Кодированные данные (монография) y z 000yy
200 Заглавие и сведения об ответственности 1_
a Заглавие ... в 1978 году
210 Выходные данные 1_
d Дата издания 1979
215 Физическое описание __
a Объем 50 с.
461 Уровень набора _0
1 2001
a Центральная научная сельскохозяйственная библиотека...
v ... в 1978 году
1 2101
a Москва
c ЦНСХБ
d 1976-1980
1 001UONB/MAIN/9ae092a7e695475eb83d3bbd970febfc
1 203
a Текст
b визуальный
c непосредственный
1 215
d 21 см
1 71002
a Центральная научная сельскохозяйственная библиотека
c Москва
4 570
606 Тематические рубрики 0_
a Основная рубрика Библиотеки научные
x Основная подрубрика История
610 Ключевые слова 0_
a Ключевые слова библиотеки научные; библиотеки научные история; история научных библиотек; сельскохозяйственная библиотека
675 Индекс УДК __
a Индекс УДК 027.3
686 Индексы других классификаций __
2 Код системы rubbk
a Классификационный индекс 78.34(2)754
801 Источник записи _0
a Страна RU
b Организация Ульяновская ОНБ
c Дата составления 20240614
g Правила каталогизации RCR
801 Источник записи _1
a Страна RU
b Организация Ульяновская ОНБ
c Дата составления 20240614
g Правила каталогизации RCR
901 Тип документа __
t Тип документа n
w Контрольный № источника UONB/MAIN/9ae092a7e695475eb83d3bbd970febfc
909 Создатель записи __
a Создатель записи Горбункова
b Дата создания записи 20240614